=LDR 00000nam 2200000 4500 =001 INLIS000000000061129 =005 20220824074355 =035 ##$$a 0010-0822000039 =007 ta =008 220824###########################0#ind## =020 ##$$a 978-979-039-333-2 =082 ##$$a 297.355 1 =084 ##$$a 297.355 1 Her a =100 #$$a Hery Huzaery =245 1#$$a Agar Anak Kita Menjadi Saleh /$c Hery Huzaery =260 ##$$a Solo :$b Aqwam,$c 2014 =300 ##$$a 216 halaman : $b Ilustrasi ; $c 22 Cm. =650 #4$$a Amal Saleh =520 ##$$a Bibliografi : Halaman 215 =990 ##$$a 21542154